The Metaphorical Modeling of COVID-19 Vaccination on "Tucker Carlson Tonight"
Relácia "Tucker Carlson Tonight" a ovplyvňovanie názorov širokej verejnosti na problematiku povinného očkovania proti Covid-19 prostredníctvom správneho výberu jazykových výrazových prostriedkov.
Salvato in:
| Autore principale: | |
|---|---|
| Natura: | Capitolo di libro |
| Lingua: | inglese |
| Soggetti: | |
| Tags: |
Nessun Tag, puoi essere il primo ad aggiungerne!!
|
MARC
| LEADER | 00000naa$a2200000$$$4500 | ||
|---|---|---|---|
| 001 | 0288705 | ||
| 005 | 20240502074425.2 | ||
| 041 | 0 | |a eng | |
| 044 | |a SK | ||
| 245 | 1 | 0 | |a The Metaphorical Modeling of COVID-19 Vaccination on "Tucker Carlson Tonight" |c Linda Krajčovičová |
| 520 | |a Relácia "Tucker Carlson Tonight" a ovplyvňovanie názorov širokej verejnosti na problematiku povinného očkovania proti Covid-19 prostredníctvom správneho výberu jazykových výrazových prostriedkov. | ||
| 610 | 2 | 0 | |a jazykoveda |
| 610 | 2 | 0 | |a médiá |
| 610 | 2 | 0 | |a diskusia |
| 610 | 2 | 0 | |a koronavírus |
| 610 | 2 | 0 | |a očkovanie |
| 100 | 1 | |a Krajčovičová, Linda, 1987- | |